[Event "1st 4NCL International Open"]
[Site "Telford"]
[Date "2018.11.03"]
[Round "7"]
[White "Williams, Simon K"]
[Black "Hill, Alistair"]
[Result "1-0"]
[WhiteElo "2457"]
[BlackElo "2203"]
[Annotator "TA"]
[PlyCount "81"]
[EventDate "2018.10.31"]
[EventType "swiss"]
[EventCountry "GBR"]
[SourceTitle "playchess.com"]
[Source "ChessBase"]
[SourceQuality "1"]

{[%evp 14,81,25,16,38,29,25,30,66,-48,-16,-10,-6,-6,-7,-7,-9,-18,-5,-18,-24,-32,-32,-31,10,-31,-32,-39,0,-40,-31,-85,-29,-31,-24,-35,-26,-35,0,-13,-17,-17,-4,-1,18,16,28,26,37,37,41,50,51,48,47,43,74,65,86,65,216,239,247,237,689,687,936,911,874,870]} 1. Nf3 Nf6 2. c4 c5 3. Nc3 d5 4. cxd5 Nxd5 5. e3 Nxc3 6. bxc3 g6 7. h4 {A34: Symmetrical English: 2 Nc3, lines with ...d5} Bg7 8. h5 {LiveBook: 19 Games} O-O (8... Nc6 9. Be2 b6 10. Kf1 Qd6 11. d4 O-O 12. Ba3 Bf5 13. Kg1 Rfd8 14. Qa4 Qf6 15. hxg6 hxg6 {0-1 (63) Aronian,L (2799)-Nepomniachtchi,I (2751) Saint Louis 2017}) 9. hxg6 {White is slightly better.} hxg6 10. Ng5 $146 ({Predecessor:} 10. Bc4 Nc6 11. Ba3 Na5 12. Be2 b6 13. Qa4 e5 14. d4 Bd7 {½-½ (42) Malinin,Y (2342)-Okrugin,S (2395) Gatchina 2000}) 10... Qd5 11. Nh3 (11. f4 $14) 11... Bf5 {[%cal Bc8f5,Bf5e4,Be4c6][%mdl 32]} 12. Qa4 Qe4 13. Qxe4 Bxe4 14. f3 Bc6 15. Rb1 a6 16. c4 Nd7 17. Nf4 Rab8 18. Bb2 e5 19. Ne2 (19. Nd5 $5 {[%cal Rd5e7]} Rfe8 20. e4 $11) 19... b5 20. Nc3 bxc4 21. Bxc4 {[#]} e4 $1 {[%cal Re4f3][%mdl 512]} 22. O-O (22. f4 $15) (22. Nxe4 Bxb2) 22... Ne5 (22... exf3 $17 {Threatens to win with ...Rb4.} 23. gxf3 Rfd8) 23. Be2 $1 $11 Rfd8 24. Ba3 $1 Rxb1 25. Nxb1 c4 26. Bb4 Nd3 27. Bxd3 Rxd3 28. Kf2 Bb2 29. Ke2 Rd5 30. Bc3 Bxc3 31. Nxc3 {[%mdl 4096] Endgame KRB-KRN} Rg5 32. Kf2 exf3 33. gxf3 Rh5 34. e4 {[%cal Be3e4,Be4f5][%mdl 32]} f5 35. Rb1 Rh2+ 36. Ke3 {Black must now prevent Rb6.} g5 $2 {[#]} ({Better is} 36... Rh3 $1 $14) 37. exf5 $18 Rh3 38. Ne4 g4 $2 (38... Bxe4 39. Kxe4 Rh2) 39. Ng5 {White is clearly winning.} Rh5 40. Rb8+ Kg7 41. fxg4 {Precision: White = 64%, Black = 27%.} 1-0

[Event "1st 4NCL International Open"]
[Site "Telford"]
[Date "2018.11.03"]
[Round "7"]
[White "Arkell, Keith C"]
[Black "Gonda, Laszlo"]
[Result "1/2-1/2"]
[WhiteElo "2436"]
[BlackElo "2528"]
[Annotator "TA"]
[PlyCount "27"]
[EventDate "2018.10.31"]
[EventType "swiss"]
[EventCountry "GBR"]
[SourceTitle "playchess.com"]
[Source "ChessBase"]
[SourceQuality "1"]

{[%evp 17,27,30,56,30,30,25,29,29,21,15,22,8]} 1. d4 e6 2. c4 b6 3. Nf3 Bb7 4. g3 Bb4+ 5. Bd2 Bxf3 6. exf3 {A40: Unusual replies to 1 d4} Bxd2+ 7. Nxd2 (7. Qxd2 Nf6 8. Bg2 d5 9. f4 Nc6 10. Nc3 Ne7 11. O-O c6 12. cxd5 cxd5 13. Rfc1 O-O 14. Rc2 Qd7 15. Rac1 {½-½ (36) Batchuluun,T (2570)-Giri,A (2780) Batumi 2018}) 7... Ne7 8. f4 d5 9. Bg2 O-O {LiveBook: 3 Games} 10. Rc1 c6 11. O-O Nd7 12. Nf3 Rc8 13. Qd2 $146 ({Predecessor:} 13. b4) 13... a5 14. Rc2 1/2-1/2

[Event "1st 4NCL International Open"]
[Site "Telford"]
[Date "2018.11.03"]
[Round "7"]
[White "Haria, Ravi"]
[Black "Roberson, Peter T"]
[Result "1/2-1/2"]
[WhiteElo "2436"]
[BlackElo "2396"]
[Annotator "TA"]
[PlyCount "70"]
[EventDate "2018.10.31"]
[EventType "swiss"]
[EventCountry "GBR"]
[SourceTitle "playchess.com"]
[Source "ChessBase"]
[SourceQuality "1"]

{[%evp 30,70,15,7,31,15,15,15,14,18,27,26,34,0,0,0,0,0,4,5,7,6,10,0,0,0,0,0,0,-24,0,-24,-27,-16,-16,-17,-17,-17,-19,-20,-29,-29,-24]} 1. Nf3 Nf6 2. g3 d5 3. Bg2 e6 4. O-O Be7 5. c4 O-O 6. d4 dxc4 7. Qc2 a6 8. a4 Bd7 {[%cal Bc8d7,Bd7c6,Bc6d5][%mdl 32]} 9. Qxc4 Bc6 10. Bg5 Bd5 11. Qc2 Be4 12. Qd1 {E05: Katalanisch} h6 13. Bxf6 Bxf6 14. Nc3 Bxf3 15. Bxf3 c6 16. Qb3 {LiveBook: 25 Partien} Qc7 17. e3 a5 18. Rac1 {[#]} Na6 $146 ({Vorgänger:} 18... Nd7 19. Rfd1 Qb6 20. Qc2 {1-0 (60) Ghosh,D (2556)-Onischuk,A (2681) chess.com INT 2018}) 19. d5 exd5 {[#]} 20. Nxd5 $1 {[%mdl 512]} Qe5 (20... cxd5 21. Rxc7) 21. Nb6 Rad8 $1 22. Nc4 Qc7 $1 23. Rfd1 Nb4 24. Kg2 Rxd1 25. Rxd1 Rd8 26. Rxd8+ Qxd8 27. Qd1 b5 {[#] Und weiter mit ...Dxd1 wäre nett.} 28. Qxd8+ Bxd8 $11 {[%mdl 4096] Endspiel KLS-KLS} 29. Ne5 bxa4 30. Nxc6 Bf6 31. Nxb4 $1 axb4 32. Bc6 a3 33. bxa3 bxa3 34. Bd5 Kf8 35. f4 Bd8 {Precision: Weiß = 69%, Schwarz = 64%.} 1/2-1/2

[Event "1st 4NCL International Open"]
[Site "Telford"]
[Date "2018.11.03"]
[Round "7"]
[White "Pert, Richard G"]
[Black "Wall, Tim P"]
[Result "1-0"]
[WhiteElo "2408"]
[BlackElo "2253"]
[Annotator "TA"]
[PlyCount "26"]
[EventDate "2018.10.31"]
[EventType "swiss"]
[EventCountry "GBR"]
[SourceTitle "playchess.com"]
[Source "ChessBase"]
[SourceQuality "1"]

{[%evp 13,26,86,79,81,83,85,81,68,119,134,233,217,389,375,29998]} 1. d4 {[%cal Bd2d4,Bd4d5][%mdl 32]} d5 2. c4 Nc6 3. Nc3 Nf6 4. Nf3 dxc4 5. Bg5 Bg4 (5... h6 6. Bh4 a6 7. d5 Na7 8. e4 Nb5 9. Qc2 Nxc3 10. bxc3 b5 11. a4 g5 12. Bg3 Bg7 13. Nd4 Bd7 {0-1 (42) Basso,P (2516)-Chatalbashev,B (2546) Ferreira do Alentejo 2018}) 6. d5 {D07: Queen's Gambit: Chigorin Defence} Bxf3 7. exf3 {[%cal Be2f3,Bf3f4][%mdl 32]} Ne5 {LiveBook: 5 Games} 8. f4 {White is better.} Nd3+ 9. Bxd3 cxd3 10. Qxd3 c6 $146 (10... Qd7 $14) ({Predecessor:} 10... Qd7 11. O-O h6 12. Bxf6 gxf6 {½-½ (35) Beniest,R-Dueckstein,A (2221) Rogaska Slatina 2012}) 11. Bxf6 $1 $16 exf6 (11... gxf6 $16 {was necessary.} 12. Rd1 Qc7) 12. O-O-O $18 {[#] Strongly threatening Rhe1+.} Be7 $2 (12... Bd6 13. Qe4+ Kf8 14. dxc6 bxc6) 13. d6 Bf8 $2 (13... Qxd6 $18 14. Qxd6 Bxd6) 1-0

[Event "1st 4NCL International Open"]
[Site "Telford"]
[Date "2018.11.03"]
[Round "7"]
[White "Gourlay, Iain"]
[Black "Munshi, Aditya"]
[Result "1/2-1/2"]
[WhiteElo "2358"]
[BlackElo "2117"]
[Annotator "TA"]
[PlyCount "52"]
[EventDate "2018.10.31"]
[EventType "swiss"]
[EventCountry "GBR"]
[SourceTitle "playchess.com"]
[Source "ChessBase"]
[SourceQuality "1"]

{[%evp 14,52,0,0,13,0,0,0,0,1,0,0,0,-13,-4,-26,-7,-8,0,-21,-10,-22,-9,-35,-22,-44,-35,-49,-37,-61,-61,-70,-57,-67,-67,-82,-46,-52,-26,-41,-6]} 1. Nf3 d5 2. g3 Bg4 3. Bg2 Nd7 4. c4 e6 5. cxd5 exd5 6. Qb3 {A07: Réti Opening: New York and Capablanca Systems} (6. O-O Ngf6 7. d3 Bd6 8. Nc3 c6 9. h3 Bh5 10. e4 O-O 11. g4 Bg6 12. Nh4 Nxe4 13. dxe4 Qxh4 14. exd5 c5 15. Nb5 Bb8 16. d6 a6 {½-½ (46) Oparin,G (2616)-Shirov,A (2673) Moscow 2016}) 6... Nc5 7. Qe3+ Be7 8. d4 {LiveBook: 3 Games. The position is equal.} Nd7 9. Qb3 Nb6 10. Nc3 Nf6 11. Ne5 Be6 12. O-O O-O 13. Rd1 $146 ({Predecessor:} 13. Nd3 c6 {½-½ (22) Zaichik,G (2516)-Gurevich,D (2492) Seattle 2003}) 13... c6 14. Bf4 Nh5 15. Be3 Bd6 16. Qc2 Qe7 17. b3 Rac8 18. Nd3 Bf5 19. Qd2 Rfe8 20. Bf3 Nf6 21. Bg5 h6 22. Bxf6 Qxf6 23. Nc5 Rc7 24. Rac1 Rce7 25. Re1 Bxc5 26. dxc5 Nd7 {Precision: White = 31%, Black = 47%.} 1/2-1/2

[Event "1st 4NCL International Open"]
[Site "Telford"]
[Date "2018.11.03"]
[Round "7"]
[White "Kulkarni, Rakesh"]
[Black "Krishna C R G"]
[Result "1-0"]
[WhiteElo "2297"]
[BlackElo "2445"]
[Annotator "TA"]
[PlyCount "75"]
[EventDate "2018.10.31"]
[EventType "swiss"]
[EventCountry "GBR"]
[SourceTitle "playchess.com"]
[Source "ChessBase"]
[SourceQuality "1"]

{[%evp 20,75,0,0,0,0,84,78,66,0,28,27,25,-27,-14,0,-27,-17,-5,-108,-103,-103,-91,-90,-66,-83,-68,-79,-82,-105,-97,-89,-12,-22,155,146,149,149,150,79,140,150,149,139,195,192,252,251,303,294,293,283,389,377,370,355,487,496]} 1. e4 e6 2. d4 d5 3. Bd3 dxe4 4. Bxe4 Nf6 5. Bf3 c5 6. Ne2 Nc6 {C01: French: Exchange Variation} 7. Be3 cxd4 (7... Nd5 8. Bxd5 Qxd5 9. Nbc3 Qxg2 10. Rg1 Qf3 11. Nb5 Rb8 12. dxc5 Bd7 13. Nc7+ Kd8 14. Nb5 {0-1 (54) Kramnik,V (2808)-Caruana,F (2808) Stavanger 2017}) 8. Nxd4 Ne5 9. Nc3 Be7 10. Qe2 Nxf3+ 11. Qxf3 {LiveBook: 9 Games} Bd7 $146 ({Predecessor:} 11... O-O 12. O-O-O Bd7 13. g4 Qa5 14. g5 {1-0 (31) Onischuk,V (2618)-Harika,D (2509) Abu Dhabi 2015}) 12. O-O-O Rc8 (12... O-O $11 {remains equal.}) 13. Qxb7 $16 O-O 14. Nb3 (14. Ndb5 $14) 14... a5 15. Bg5 {aiming for Bxf6.} Rc7 16. Qa6 {[#]} (16. Qb6 $142 $1) 16... a4 $1 $11 {[%mdl 512]} 17. Nxa4 Nd5 18. Bxe7 Qxe7 19. Nc3 (19. Kb1 $11 {keeps the balance.}) 19... Nxc3 $17 20. bxc3 Bc6 21. Rd4 Bd5 22. c4 Ra8 23. Qb5 Bxg2 24. Rhd1 Qa3+ 25. Kd2 {Strongly threatening Rg1.} Rb7 (25... Rcc8 $17) 26. Qg5 $11 Bf3 $2 ({Black should try} 26... Bc6 $1 $11) 27. Rd8+ $16 Rxd8+ 28. Qxd8+ Qf8 29. Qxf8+ Kxf8 {[%mdl 4096] Endgame [#] KRB-KRN} 30. Ra1 $1 Rc7 31. Kd3 f5 (31... Ke7 $16 {keeps fighting.} 32. a4 Bb7) 32. a4 $18 {[%cal Ba2a4,Ba4a5,Ba5a6][%mdl 32]} Be4+ (32... Ke7 {is a better defense.} 33. a5 Ra7) 33. Kc3 Ke8 34. a5 Kd8 35. a6 Kc8 36. Nd4 Kb8 37. Nxe6 Re7 38. Nd4 {Precision: White = 72%, Black = 38%.} 1-0

[Event "1st 4NCL International Open"]
[Site "Telford"]
[Date "2018.11.03"]
[Round "7"]
[White "Willow, Jonah B"]
[Black "Macklin, Paul"]
[Result "1/2-1/2"]
[WhiteElo "2271"]
[BlackElo "2361"]
[Annotator "TA"]
[PlyCount "55"]
[EventDate "2018.10.31"]
[EventType "swiss"]
[EventCountry "GBR"]
[SourceTitle "playchess.com"]
[Source "ChessBase"]
[SourceQuality "1"]

{[%evp 24,55,20,13,64,54,83,80,89,71,58,57,75,50,42,41,110,118,92,125,118,48,48,42,35,46,16,0,0,0,0,0,0,0]} 1. e4 d6 2. d4 Nf6 3. Nc3 g6 4. f4 Bg7 5. Nf3 O-O 6. Bd3 Nc6 7. e5 dxe5 8. dxe5 Nd5 9. O-O {B09: Pirc Defence: Austrian Attack} (9. Nxd5 Qxd5 10. Qe2 Bg4 11. Be4 Qa5+ 12. Bd2 Qb6 13. O-O-O Nd4 14. Qd3 Rfd8 15. Qa3 Bxf3 16. Bxf3 Nxf3 17. Qxf3 c6 18. Kb1 Qb5 19. Bc1 Rd5 {1-0 (35) Goryachkina,A (2496)-Rozum,I (2581) Sochi 2018}) 9... Ndb4 10. Be4 Qxd1 11. Rxd1 Bf5 12. Bxf5 gxf5 13. Ne1 {LiveBook: 3 Games. Black should prevent a3.} Rfd8 (13... f6 $11) 14. Be3 $14 Na6 $146 ({Predecessor:} 14... e6 15. a3 Nd5 16. Nxd5 Rxd5 17. Rxd5 exd5 {1-0 (58) Sirosh,I (2344)-Kukk,S (2192) Tallinn 2015}) 15. a3 Na5 16. b3 e6 17. Nf3 f6 18. exf6 Bxf6 19. Bd4 Kf7 ({Black should try} 19... Be7 $1 $14) 20. Bxf6 $16 Kxf6 21. Re1 Nc6 {[#]} 22. Re3 (22. Ng5 $1 $16) 22... Nd4 $14 23. Nxd4 Rxd4 24. Rae1 Re8 $1 25. Rh3 {The position is equal.} Kg6 26. Rg3+ Kf7 27. Rh3 Kg6 28. Rg3+ {Precision: White = 39%, Black = 59%.} 1/2-1/2

[Event "1st 4NCL International Open"]
[Site "Telford"]
[Date "2018.11.03"]
[Round "7"]
[White "Richardson, John R"]
[Black "Mihalik, Agoston"]
[Result "1-0"]
[WhiteElo "2213"]
[BlackElo "2223"]
[Annotator "NA"]
[PlyCount "85"]
[EventDate "2018.10.31"]
[EventType "swiss"]
[EventCountry "GBR"]
[SourceTitle "playchess.com"]
[Source "ChessBase"]
[SourceQuality "1"]
[TimeControl "5400+30"]

1. d4 {[%emt 0:00:00]} Nf6 {[%emt 0:00:00]} 2. c4 {[%emt 0:00:00]} e6 {[%emt 0:00:00]} 3. Nc3 {[%emt 0:00:00]} Bb4 {[%emt 0:00:00]} 4. e3 {[%emt 0:00:00]} b6 {[%emt 0:02:52]} 5. Bd3 {[%emt 0:00:00]} Bb7 {[%emt 0:03:22]} 6. Nge2 {[%emt 0:00:05]} Bxg2 {[%emt 0:02:51]} 7. Rg1 {[%emt 0:00:02]} Be4 {[%emt 0:00:17]} (7... Bf3 $15) 8. a3 {[%emt 0:07:31]} Bxc3+ {[%emt 0:02:51]} 9. Nxc3 {[%emt 0:00:10]} Bg6 {[%emt 0:02:04]} 10. e4 {[%emt 0:01:17] E43: Nimzo-Indian: Rubinstein: 4...b6} d6 {[%emt 0:10:20]} (10... d5 11. Bg5 dxc4 12. Bxc4 Qd7 13. Bxf6 gxf6 14. h4 h5 15. d5 exd5 16. Nxd5 Qd6 17. Qa4+ Kf8 {½-½ (29) Rakhmanov,A (2591)-Efimenko,Z (2657) Moscow 2010}) 11. Bg5 {[%emt 0:03:08]} e5 {[%emt 0:06:40]} 12. f4 {[%emt 0:04:34]} exf4 {[%emt 0:12:18] LiveBook: 3 Games} 13. Qd2 $146 {[%emt 0:24:48]} ({Predecessor:} 13. Nd5 c6 14. Nxf4 Nbd7 15. Qf3 Qc7 16. O-O-O O-O-O 17. h4 Rhe8 {1-0 (28) Baburin,A (2545)-Likavsky,T (2485) Arvier 2007}) 13... h6 {[%emt 0:07:38]} 14. Bh4 {[%emt 0:03:55]} Nxe4 {[%emt 0:02:39]} (14... c5 $16) 15. Bxd8 {[%emt 0:04:51]} Nxd2 {[%emt 0:00:07]} 16. Kxd2 {[%emt 0:02:51]} Bxd3 {[%emt 0:19:17]} (16... Kxd8 $11 17. Bxg6 fxg6 18. Rxg6 Nc6) 17. Kxd3 {[%emt 0:00:45]} Kxd8 {[%emt 0:00:13]} 18. Rxg7 {[%emt 0:00:05]} Rf8 {[%emt 0:05:06]} 19. Rf1 {[%emt 0:00:24]} c6 {[%emt 0:00:37]} 20. Rxf4 {[%emt 0:00:20]} Ke7 {[%emt 0:00:08]} 21. Rh7 {[%emt 0:00:38]} Na6 {[%emt 0:01:31]} 22. Ne4 {[%emt 0:04:58]} Nc7 {[%emt 0:01:38]} 23. Ng3 {[%emt 0:03:57]} Ne6 {[%emt 0:02:16]} 24. Nf5+ {[%emt 0:00:29]} Kd7 {[%emt 0:06:22]} 25. Rh4 {[%emt 0:00:45]} d5 {[%emt 0:03:08]} 26. cxd5 {[%emt 0:04:55]} cxd5 {[%emt 0:00:07]} 27. R4xh6 {[%emt 0:00:14]} Ng5 {[%emt 0:00:50]} ({Black should try} 27... Rae8 $1 $14) 28. Rd6+ {[%emt 0:05:30]} Kc7 {[%emt 0:00:03]} 29. Rg7 {[%emt 0:00:32]} Rg8 {[%emt 0:00:08]} 30. Rxd5 {[%emt 0:01:31]} Rxg7 {[%emt 0:00:25]} 31. Nxg7 {[%emt 0:00:02]} Ne6 {[%emt 0:00:22]} 32. Rf5 {[%emt 0:00:27]} Nxg7 {[%emt 0:00:41]} 33. Rxf7+ {[%emt 0:00:04]} Kc6 {[%emt 0:02:38]} 34. Rxg7 {[%emt 0:00:05]} Rh8 {[%emt 0:00:02]} 35. Rxa7 {[%emt 0:00:44]} Rxh2 {[%emt 0:00:12]} 36. Kc3 {[%emt 0:01:41]} Rh3+ {[%emt 0:00:23]} 37. Kc4 {[%emt 0:01:17]} b5+ {[%emt 0:01:34]} 38. Kb4 {[%emt 0:00:04]} Rd3 {[%emt 0:00:23]} 39. Ra6+ $18 {[%emt 0:00:41]} Kb7 {[%emt 0:04:13]} 40. Rd6 {[%emt 0:02:11]} Kc7 {[%emt 0:00:16]} 41. Rd5 {[%emt 0:00:44]} Kc6 {[%emt 0:00:06]} 42. Rc5+ {[%emt 0:00:12]} Kd6 {[%emt 0:00:02]} 43. Rxb5 {[%emt 0:02:20]} 1-0

[Event "1st 4NCL International Open"]
[Site "Telford"]
[Date "2018.11.03"]
[Round "7"]
[White "Britton, Richard L"]
[Black "Ahluwalia, Amardip"]
[Result "1/2-1/2"]
[WhiteElo "2204"]
[BlackElo "2085"]
[Annotator "NA"]
[PlyCount "77"]
[EventDate "2018.10.31"]
[EventType "swiss"]
[EventCountry "GBR"]
[SourceTitle "playchess.com"]
[Source "ChessBase"]
[SourceQuality "1"]
[TimeControl "5400+30"]

1. e4 {[%emt 0:00:00]} e5 {[%emt 0:00:28]} 2. Nf3 {[%emt 0:00:00]} Nc6 {[%emt 0:00:04]} 3. Bb5 {[%emt 0:00:00]} a6 {[%emt 0:00:33]} 4. Ba4 {[%emt 0:00:00]} Nf6 {[%emt 0:00:30]} 5. O-O {[%emt 0:00:00]} b5 {[%emt 0:00:36]} 6. Bb3 {[%emt 0:00:00]} Bc5 {[%emt 0:00:53]} 7. c3 {[%emt 0:01:15]} d6 {[%emt 0:00:39] LiveBook: 1287 Partien} 8. d3 {[%emt 0:01:33] C78: Ruy Lopez: Archangelsk and Möller Defences} (8. a4 b4 9. d4 Ba7 10. Bg5 Rb8 11. Bd5 Ne7 12. dxe5 Nfxd5 13. exd5 O-O 14. exd6 Qxd6 15. c4 Nf5 16. Nbd2 {1-0 (41) Nepomniachtchi,I (2757)-Kramnik,V (2792) Dortmund 2018}) 8... Bb6 {[%emt 0:01:29]} 9. a4 {[%emt 0:00:14]} Rb8 {[%emt 0:00:05]} 10. Na3 {[%emt 0:00:22]} O-O {[%emt 0:01:48]} (10... b4 $11 11. Nc4 Ba7) 11. Bg5 $146 {[%emt 0:00:40]} ({White should play Predecessor:} 11. axb5 $16 axb5 12. Nxb5 d5 13. exd5 Nxd5 14. h3 h6 15. Na3 Be6 16. Ba4 Nde7 17. Qe2 Qd6 18. Nc4 Bxc4 19. dxc4 f5 20. b4 e4 21. c5 Qd5 22. Nd2 {1-0 (22) Oleksienko,M (2608)-Lagerman,R (2305) Reykjavik 2013}) 11... h6 {[%emt 0:01:05]} 12. Bh4 {[%emt 0:01:30]} g5 {[%emt 0:07:50]} 13. Bg3 {[%emt 0:00:06]} Bg4 {[%emt 0:02:15]} 14. axb5 {[%emt 0:00:28]} axb5 {[%emt 0:00:10]} 15. Kh1 {[%emt 0:21:01]} (15. h3 $16 Bd7 16. Nxb5) 15... Ne7 {[%emt 0:10:49]} 16. Nc2 {[%emt 0:01:37]} Ng6 {[%emt 0:01:54]} 17. Ne3 {[%emt 0:09:24]} Qd7 {[%emt 0:06:28]} 18. Nxg4 {[%emt 0:02:16]} Qxg4 {[%emt 0:01:43]} 19. h3 {[%emt 0:11:10]} Qd7 {[%emt 0:03:18]} 20. Ng1 {[%emt 0:03:06]} Kg7 {[%emt 0:08:25]} 21. Ne2 {[%emt 0:04:21]} Nh5 {[%emt 0:07:04]} 22. Bh2 {[%emt 0:06:14]} Nhf4 {[%emt 0:05:46]} 23. Ng3 {[%emt 0:09:44]} Nh4 {[%emt 0:02:58]} 24. Nh5+ {[%emt 0:00:07]} Nxh5 {[%emt 0:00:15]} 25. Qxh5 {[%emt 0:00:06]} Ng6 {[%emt 0:02:25]} 26. Rad1 {[%emt 0:01:35]} Qe7 {[%emt 0:02:16]} 27. Bg3 {[%emt 0:02:35]} Rbd8 {[%emt 0:01:52]} 28. Rfe1 {[%emt 0:05:15]} Nf4 {[%emt 0:02:18]} 29. Bxf4 {[%emt 0:05:25]} gxf4 {[%emt 0:00:07]} 30. d4 {[%emt 0:00:46]} Qf6 {[%emt 0:01:55]} 31. g3 {[%emt 0:01:30]} fxg3 {[%emt 0:07:51]} 32. Rg1 {[%emt 0:04:45]} Qxf2 $15 {[%emt 0:00:41]} 33. Rg2 {[%emt 0:02:30]} Qf4 {[%emt 0:00:52]} 34. Rdg1 {[%emt 0:00:38]} Kh7 {[%emt 0:02:33]} 35. Rxg3 {[%emt 0:04:30]} Rg8 {[%emt 0:01:56]} 36. Rf3 {[%emt 0:00:50]} Rxg1+ {[%emt 0:00:07]} 37. Kxg1 {[%emt 0:00:31]} Qg5+ {[%emt 0:00:04]} 38. Qxg5 {[%emt 0:00:07]} hxg5 {[%emt 0:00:04]} 39. Rxf7+ {[%emt 0:00:10]} 1/2-1/2

[Event "1st 4NCL International Open"]
[Site "Telford"]
[Date "2018.11.03"]
[Round "7"]
[White "Stepanyan, Henrik"]
[Black "Ferrington, Nigel M"]
[Result "1-0"]
[WhiteElo "2158"]
[BlackElo "2130"]
[Annotator "NA"]
[PlyCount "117"]
[EventDate "2018.10.31"]
[EventType "swiss"]
[EventCountry "GBR"]
[SourceTitle "playchess.com"]
[Source "ChessBase"]
[SourceQuality "1"]
[TimeControl "5400+30"]

1. d4 {[%emt 0:00:00]} d5 {[%emt 0:00:28]} 2. Nf3 {[%emt 0:00:00]} c5 {[%emt 0:00:47]} 3. g3 {[%emt 0:06:36]} cxd4 {[%emt 0:01:52]} 4. Bg2 {[%emt 0:00:45]} f6 {[%emt 0:07:42] D02: 1 d4 d5 2 Nf3 sidelines, including 2...Nf6 3 g3 and 2...Nf6 3 Bf4} (4... Qa5+ 5. Kf1 Nf6 6. Nxd4 e6 7. Nb3 Qa6 8. Nc3 Be7 9. a4 Bd7 10. Bf4 O-O 11. Kg1 Rc8 12. e3 {1-0 (54) Sokolov,I (2643)-Gleizerov,E (2546) Koge 2013}) 5. Nxd4 {[%emt 0:01:03]} e5 {[%emt 0:00:11]} 6. Nb3 {[%emt 0:00:32]} Be6 $146 {[%emt 0:00:29]} ({Predecessor:} 6... Ne7 7. c4 dxc4 8. Qxd8+ Kxd8 9. Na5 Nec6 10. Bd2 Bc5 11. Na3 Bxa3 12. bxa3 {1-0 (61) Muse,M (2379)-Jakubowski,K (2520) Germany 2017}) 7. O-O {[%emt 0:06:06]} Nc6 {[%emt 0:00:24]} 8. Nc3 {[%emt 0:00:32]} d4 {[%emt 0:04:46]} 9. Ne4 {[%emt 0:00:01]} Bd5 {[%emt 0:04:51]} 10. c3 {[%emt 0:07:39]} f5 $1 {[%emt 0:01:26]} 11. Bg5 {[%emt 0:00:49]} Be7 {[%emt 0:08:25]} 12. Bxe7 {[%emt 0:06:01]} Qxe7 {[%emt 0:02:06]} 13. Nec5 {[%emt 0:01:57]} Bxg2 $1 {[%emt 0:00:25]} 14. Kxg2 {[%emt 0:00:03]} dxc3 {[%emt 0:04:44]} 15. bxc3 {[%emt 0:01:02]} Nf6 {[%emt 0:00:25]} 16. Qd3 {[%emt 0:00:50] [#]} b6 $1 {[%emt 0:10:52]} 17. Na6 {[%emt 0:05:45]} Qb7 {[%emt 0:06:35]} 18. Qb5 {[%emt 0:01:50]} O-O {[%emt 0:01:12]} 19. Kg1 {[%emt 0:06:27]} Rf7 {[%emt 0:05:05]} 20. Rad1 {[%emt 0:01:29]} Rc8 {[%emt 0:08:49]} 21. Rd3 {[%emt 0:03:10]} g6 {[%emt 0:07:24]} 22. Rfd1 {[%emt 0:00:22]} Kg7 $15 {[%emt 0:02:15]} 23. a4 {[%emt 0:08:27]} Nb8 {[%emt 0:08:46]} 24. Nb4 {[%emt 0:01:56]} Qc7 {[%emt 0:04:20]} 25. Nd5 {[%emt 0:08:28]} Qc4 {[%emt 0:04:12]} 26. Ne3 {[%emt 0:07:08]} Qxb5 {[%emt 0:00:23]} 27. axb5 {[%emt 0:00:02]} Nbd7 {[%emt 0:02:00]} 28. Na1 {[%emt 0:05:50]} e4 {[%emt 0:00:37]} 29. Rd6 {[%emt 0:00:01]} Rxc3 {[%emt 0:00:16]} 30. Nac2 {[%emt 0:00:02]} Nc5 {[%emt 0:00:35]} 31. Nd4 {[%emt 0:00:25]} Rc7 {[%emt 0:01:06]} 32. Rxf6 {[%emt 0:05:30]} Rxe3 {[%emt 0:00:10]} 33. Rc6 {[%emt 0:00:04]} Rxc6 {[%emt 0:00:26]} 34. bxc6 {[%emt 0:00:02]} Rc3 {[%emt 0:01:23]} 35. Nb5 {[%emt 0:00:01]} Rc2 {[%emt 0:00:21]} 36. Nxa7 {[%emt 0:06:33]} Ne6 {[%emt 0:00:07]} 37. Rd7+ {[%emt 0:00:08]} Kf6 {[%emt 0:00:51]} 38. Rxh7 {[%emt 0:00:10]} Ke5 {[%emt 0:00:45]} 39. Rb7 {[%emt 0:00:23]} Kd6 {[%emt 0:00:57]} 40. e3 {[%emt 0:00:49]} Nc7 {[%emt 0:00:24]} 41. Rxb6 {[%emt 0:00:15]} Ra2 {[%emt 0:00:21]} 42. Nc8+ {[%emt 0:00:32]} Kc5 {[%emt 0:00:08]} 43. Rb1 {[%emt 0:00:14]} Kxc6 {[%emt 0:00:46]} 44. Ne7+ {[%emt 0:00:04]} Kd6 {[%emt 0:00:36]} 45. Nxg6 {[%emt 0:00:01]} Nd5 {[%emt 0:00:36]} 46. Nh4 {[%emt 0:00:38]} Ne7 {[%emt 0:00:42]} 47. Rb6+ {[%emt 0:00:43]} Kc7 {[%emt 0:00:44]} 48. Rb5 {[%emt 0:00:35]} Kc6 {[%emt 0:00:09]} 49. Rb8 {[%emt 0:00:58]} Ra5 {[%emt 0:00:20]} 50. h3 {[%emt 0:00:28]} Kc7 {[%emt 0:00:13]} 51. Rh8 {[%emt 0:00:03]} Kd6 {[%emt 0:00:19]} 52. Rh6+ {[%emt 0:00:04]} Kd5 {[%emt 0:00:41]} 53. Kg2 {[%emt 0:00:22]} Rb5 {[%emt 0:00:21]} 54. Rh5 {[%emt 0:00:11]} Kc4 {[%emt 0:01:05]} 55. Rh7 {[%emt 0:00:24]} Re5 {[%emt 0:00:24]} 56. Rg7 {[%emt 0:00:18]} Kd3 {[%emt 0:00:27]} 57. Ng6 {[%emt 0:00:09]} Nxg6 {[%emt 0:00:06]} 58. Rxg6 {[%emt 0:00:00]} Ke2 {[%emt 0:00:20]} 59. Rg5 {[%emt 0:00:13]} 1-0